Normal view MARC view
  • Avadhanulu M.N. & Kshirsagar P.G

Entry Personal Name

Number of records used in: 1

001 - CONTROL NUMBER

  • control field: 190370

003 - CONTROL NUMBER IDENTIFIER

  • control field: OSt

005 - DATE AND TIME OF LATEST TRANSACTION

  • control field: 20230714212932.0

008 - FIXED-LENGTH DATA ELEMENTS

  • fixed length control field: 230714|| aca||aabn | a|a d

040 ## - CATALOGING SOURCE

  • Original cataloging agency: OSt
  • Transcribing agency: OSt

100 ## - HEADING--PERSONAL NAME

  • Personal name: Avadhanulu M.N. & Kshirsagar P.G

670 ## - SOURCE DATA FOUND

  • Source citation: Work cat.: (OSt)195857: Avadhanulu M.N. 149104, Text Book Of Engineering Physics, 2009